Computer aided systems. Theory - EUROCAST '89. A selection of papers from the int. workshop... Las Palmas, Spain, February 26 - March 4, 1989. Proc. /
Na minha lista:
| Outros Autores: | |
|---|---|
| Formato: | Livro |
| Idioma: | tcheco |
| Publicado em: |
Berlin :
Springer Verlag,
1990
|
| Colecção: | Lecture Notes in Computer Science
410 |
| Tags: |
Sem tags, seja o primeiro a adicionar uma tag!
|
MARC
| LEADER | 00000nam a22000003a 4500 | ||
|---|---|---|---|
| 001 | stu167 | ||
| 005 | 20190206111736.7 | ||
| 008 | 910403s1990----gw------------------cze-d | ||
| 020 | |a 3-540-52215-8 | ||
| 040 | |a STU |b slo | ||
| 041 | 0 | |a cze | |
| 044 | |a gw | ||
| 080 | |a 681.32.068 | ||
| 080 | |a 519.685 |7 stu_us_auth*stu8263 | ||
| 080 | |a 519.71 |7 stu_us_auth*stu8254 | ||
| 080 | |a 061.3(08) | ||
| 100 | 1 | |a Pichler, F. |4 com | |
| 245 | 1 | |a Computer aided systems. Theory - EUROCAST '89. A selection of papers from the int. workshop... Las Palmas, Spain, February 26 - March 4, 1989. Proc. / |c Edit.: Pichler,F. and o | |
| 260 | |a Berlin : |b Springer Verlag, |c 1990 | ||
| 300 | |a 427 s | ||
| 830 | 0 | |a Lecture Notes in Computer Science |v 410 | |
| 996 | |c I*Z4508 |l I |s A |a 24 |w stu167_0001 | ||